Codicis Iustiniani D. N. Sacratissimi Principis PP. Augusti, Repetitae Praelectionis Libri XII Notis Dionysii Gothofredi illustrati (Registro nro. 67073)

Detalles MARC
000 -ENCABEZADO
Número de control [NR] 02244nam a2200337Ia 4500
005 - FECHA Y HORA DE LA ÚLTIMA TRANSACCIÓN
control field 20151120090017.0
008 - DE LONGITUD FIJA DE DATOS DE ELEMENTOS - INFORMACIÓN GENERAL
Elementos de longitud fija [NR] 130821n xx fr 0 lat d
040 ## - FUENTE DE CATALOGACION [NR]
Agencia de catalogación original [NR] Co-BoUCM
Idioma de catalogación [NR] spa
Quien Cataloga Sandra Yazo
Quien Clasifica Sandra Yazo
041 0# - CODIGO DE IDIOMA [R]
Código de idioma para texto/pista de sonido o título separado [R] Latín
082 04 - NUMERO DE CLASIFICACION DECIMAL DEWEY [R]
Número de clasificación [R] 340.54
Número de la edición [NR] 20
092 ## - SIGNATURA TOPOGRAFICA LOCAL
Número de clasificación local E02N080
130 0# - ASIENTO PRINCIPAL--TITULO UNIFORME [NR]
Título uniforme [NR] Corpus Iuris Civilis
Nombre de la parte o sección de una obra [R] Codex
9 (RLIN) 73837
242 00 - TRADUCCION DEL TITULO POR LA AGENCIA CATALOGADORA [R]
Título [NR] Doce libros con lecciones del Código del emperador Justiniano explicadas con notas de Dionisio Godofredo
Código de idioma del título traducido [NR] spa
245 10 - MENCION DE TITULO [NR]
Título [NR] Codicis Iustiniani D. N. Sacratissimi Principis PP. Augusti, Repetitae Praelectionis Libri XII Notis Dionysii Gothofredi illustrati
250 ## - MENCION DE EDICION [NR]
Mención de edición [NR] Postrema editio prioribus auctior & emendatior [Última edición ampliada y mejor corregida que las anteriores]
260 ## - PUBLICACION, DISTRIBUCION, ETC. (PIE DE IMPRENTA) [R]
Lugar de publicación, distribución, etc. [R] [Lugar desconocido]
Nombre del editor, distribuidor, etc. [R] [Editorial desconocida]
Fecha de publicación, distribución, etc. [R] [fecha desconocida]
300 ## - DESCRIPCION FISICA [R]
Extensión [R] [8], 972 columnas ; [8] páginas, 504 columnas
Dimensiones [R] 25 x 20 cm.
500 ## - NOTA GENERAL [R]
Nota general [NR] Detalles físicos: Encuadernación flexible en pergamino. Tapa delantera está perforada, rota y afecta el texto. Sin guardas. Ejemplar mútilo, sin portada, páginas iniciales, varias páginas intermedias y finales. Notorias perforaciones de insectos. Texto impreso en dos o cuatro columnas densas; texto del código en las columnas centrales, enmarcando por los comentarios. Edición tomada de la portadilla (después de la col. 972). Título asignado según la edición en línea
500 ## - NOTA GENERAL [R]
Nota general [NR] Incluye índice
505 0# - NOTA DE CONTENIDO CON FORMATO PREESTABLECIDO [R]
Nota de contenido con formato preestablecido [NR] Comentarios al Código: Libros I – XII ; Auténticas: Título I – XXV ; Edictos del emperador Justiniano ; Constituciones del emperador León ; Cánones de los Apóstoles ; Costumbres de los Feudos
506 ## - NOTA DE RESTRICCIONES DE ACCESO [R]
Condiciones de acceso [NR] Consulta en sala
546 ## - NOTA DE IDIOMA [R]
Nota de idioma [NR] Texto en latín
600 24 - ASIENTO SECUNDARIO DE MATERIA - NOMBRE PERSONAL [R]
Nombre personal [NR] Justiniano
Subdivisión general [R] Crítica e interpretación
9 (RLIN) 29958
Títulos y otras palabras asociadas con el nombre [R] Emperador de Oriente
Fechas asociadas con el nombre [NR] 482-565
650 #7 - ASIENTO SECUNDARIO DE MATERIA - TERMINO TEMATICO [R]
Término temático o nombre geográfico como elemento de entrada [NR] Derecho romano
Subdivisión general [R] Obras anteriores a 1800
9 (RLIN) 29420
650 #7 - ASIENTO SECUNDARIO DE MATERIA - TERMINO TEMATICO [R]
Término temático o nombre geográfico como elemento de entrada [NR] Derecho romano
Subdivisión general [R] Fuentes
9 (RLIN) 63971
650 #7 - ASIENTO SECUNDARIO DE MATERIA - TERMINO TEMATICO [R]
Término temático o nombre geográfico como elemento de entrada [NR] Derecho feudal
Subdivisión general [R] Obras anteriores a 1800
9 (RLIN) 12767
690 ## - ASUNTO AGREGADO LOCAL DE ENTRADA - TÉRMINO TEMÁTICO (OCLC, RLIN)
9 (RLIN) 42783
Acceso temático local Derecho romano
700 1# - ASIENTO SECUNDARIO - NOMBRE PERSONAL [R]
Nombre personal [NR] Godefroy, Denis
Fechas asociadas con el nombre [NR] 1549-1621
9 (RLIN) 73838
856 41 - LOCALIZACION Y ACCESO ELECTRONICOS [R]
Identificador Uniforme del Recurso (“URI”) [R] <a href="http://reader.digitale-sammlungen.de/de/fs1/object/display/bsb10625827_00001.html">http://reader.digitale-sammlungen.de/de/fs1/object/display/bsb10625827_00001.html</a>
Nota dirigida al público [R] Disponible en línea edición similar
942 ## - ELEMENTOS DE ENTRADA AGREGADOS (KOHA)
Tipo de ítem principal el descrito en 300a Libro
Tema principal 8
Edición 1
Sistema de clasificación LOCAL
Clasificación E02N080
Existencias
Suprimido Perdido Sistema de clasificación Dañado No prestable Tipo de ítem específico Ubicación habitual Ubicación actual Localización Fecha de creación Forma de adquisición Costo Volúmen / Fascículo Total préstamos Código de barras Última vez visto Ejemplar Price effective from Tipo de ítem
    DEWEY     Libro archivo Archivo Histórico Archivo Histórico Archivo histórico 28/02/2013 Donación 0.00 E02N080   L000299 15/12/2012 Ej.1 03/02/2013 Libro